000 01060cam a22002771i 4500
001 gs 36000242
003 DLC
005 20260227111341.0
008 790402s1936 dcuabf 001 0 eng
010 _ags 36000242
035 _a(OCoLC)4812181
040 _aDLC
_cCoU-DA
_dOCoLC
_dDLC
042 _apremarc
050 0 0 _aQE75
_b.P9 no. 182
086 0 _aI 19.16:182
100 1 _aHollick, Charles Arthur,
_d1857-1933.
245 1 4 _aThe Tertiary floras of Alaska /
_cby Arthur Hollick ; with a chapter on The geology of the Tertiary deposits by Philip S. Smith.
260 _aWashington :
_bU.S. Gov't. Print. Off.,
_c1936.
300 _aiii, 185 p. :
_b122 plates, fold map (part col., in pocket) ;
_c29 cm.
490 1 _aGeological Survey (U.S.). Geological Survey professional paper ;
_v182
500 _aAt head of title: United States Department of the Interior.
504 _aIncludes bibliographical references.
650 0 _aPaleobotany
_yTertiary.
650 0 _aPaleobotany
_zAlaska.
830 0 _aGeological Survey professional paper ;
_v182.
999 _c27280
_d27280